000 00517nam a2200157 i 4500
001 78270
003 ES-MaACL
007 t|
008 041013s1929 gw ||||1| ger d
100 1 _aNovalis.
_986059
245 1 0 _aFragmente /
_cNovalis [seud.] erste vollstèandige, geordnete ausgabe ; herausgegeben von Ernst Kamnitzer.
260 _aDresden :
_bWolfgang Jess,
_c[1929] (
_eHellerau :
_fJakob Hegner)
300 _a790 p. ;
_c18 cm.
700 1 _aKamnitzer, Ernst.
_967478
852 _aES-MaACL
_jB-3784
_bR.19206
999 _c78270
_d78270